|
|
|
|
| LEADER |
00000cam a2200000 7i4500 |
| 001 |
0000013960 |
| 005 |
20080214.0 |
| 008 |
080214 |
| 020 |
|
|
|a 983197221X
|
| 090 |
0 |
0 |
|a 153.6
|b KOM
|
| 245 |
1 |
0 |
|a Komunikasi lengkap :
|b kemahiran untuk memahami dan difahami
|c Terjemahan Rosilawati Yahya
|
| 260 |
|
|
|a Kuala Lumpur :
|b Synergy Publishing Co
|
| 650 |
|
0 |
|a Communications
|
| 650 |
|
0 |
|a Interpersonal communication
|
| 700 |
0 |
|
|a Rosilawati Yahya
|
| 999 |
|
|
|a 0001010918
|b Book
|c Adult Collection
|e Perbadanan Perpustakaan Awam Johor
|
| 999 |
|
|
|a 0001010919
|b Book
|c Adult Collection
|e Perbadanan Perpustakaan Awam Johor
|